Вероятность и статистика в примерах и задачах. Т. 3: Теория информации и кодирования (Запись № 10024428)

Подробности
000 -МАРКЕР
контрольное поле 01488nam2a2200301 4500
001 - ИДЕНТИФИКАТОР ЗАПИСИ
контрольное поле RU\NLR\BIBL_A\010471992
005 - ИДЕНТИФИКАТОР ВЕРСИИ
контрольное поле 20250614055520.0
010 ## - МЕЖДУНАРОДНЫЙ СТАНДАРТНЫЙ НОМЕР КНИГИ (ISBN)
Номер (ISBN) 978-5-4439-0154-1
Уточнения т. 3
Тираж 1000
021 ## - НОМЕР ГОСУДАРСТВЕННОЙ РЕГИСТРАЦИИ
Код страны Российская Федерация
Номер 2014-55417
Номер Листа государственной регистраци 3345
035 ## - ДРУГИЕ СИСТЕМНЫЕ НОМЕРА
Идентификатор записи (NLR Aleph) 010471992
100 ## - ДАННЫЕ ОБЩЕЙ ОБРАБОТКИ
Данные общей обработки 20141002d2014 |||y0rusy50 ca
101 1# - ЯЗЫК РЕСУРСА
Язык текста, звукозаписи и т.д. русский
Язык оригинала английский
102 ## - СТРАНА ПУБЛИКАЦИИ ИЛИ ПРОИЗВОДСТВА
Страна публикации Российская Федерация
105 ## - ПОЛЕ КОДИРОВАННЫХ ДАННЫХ: ТЕКСТОВЫЕ МАТЕРИАЛЫ, МОНОГРАФИЧЕСКИЕ
Кодированные данные о монографическом текстовом документе a|||z|||001yy
200 1# - ЗАГЛАВИЕ И СВЕДЕНИЯ ОБ ОТВЕТСТВЕННОСТИ
Основное заглавие Теория информации и кодирования
Первые сведения об ответственности [пер. с англ. С. Кулешова]
210 ## - ПУБЛИКАЦИЯ, РАСПРОСТРАНЕНИЕ И ДР.
Дата издания, распространения и т.д. 2014
Место издания, распространения и т.д. Б. м.
215 ## - ФИЗИЧЕСКАЯ ХАРАКТЕРИСТИКА
Специфическое обозначение материала и объем 567 с.
Другие сведения о физической характеристике ил.
320 ## - ПРИМЕЧАНИЯ О НАЛИЧИИ В ДОКУМЕНТЕ БИБЛИОГРАФИИ / УКАЗАТЕЛЯ
Текст примечания Библиогр.: с. 553-561
320 ## - ПРИМЕЧАНИЯ О НАЛИЧИИ В ДОКУМЕНТЕ БИБЛИОГРАФИИ / УКАЗАТЕЛЯ
Текст примечания Предм. указ.: с. 564-567
461 #0 - УРОВЕНЬ НАБОРА
Встроенное поле 001RU\NLR\bibl\1142913
-- 2000#$aВероятность и статистика в примерах и задачах$fМ.Я. Кельберт, Ю.М. Сухов$g[пер. с англ. В. Кноповой и др.]$vТ. 3
-- 700#1$aКельберт$bМ. Я.$gМарк Яковлевич$4070
Системный номер (АБИС) связанной записи 1350457
Автор Кельберт, М. Я.
Место публикации Москва
Дата публикации 2007
Первые сведения об ответственности М.Я. Кельберт, Ю.М. Сухов
Имя издателя, распространителя и т.д. Изд-во МЦНМО
Заглавие Вероятность и статистика в примерах и задачах
ISBN 978-5-94057-252-7
Номер тома Т. 3
606 1# - НАИМЕНОВАНИЕ ТЕМЫ КАК ПРЕДМЕТ
Наименование темы Информации теория
Системный номер авторитетной/нормативной записи 2143003
Идентификатор авторитетной/нормативной записи RU\NLR\AUTH\661291418
606 1# - НАИМЕНОВАНИЕ ТЕМЫ КАК ПРЕДМЕТ
Наименование темы Кодирование
Системный номер авторитетной/нормативной записи 899325
Идентификатор авторитетной/нормативной записи RU\NLR\AUTH\666528
686 1# - ИНДЕКСЫ ДРУГИХ КЛАССИФИКАЦИЙ
Индекс З811
942 ## - ДОПОЛНИТЕЛЬНЫЕ ЭЛЕМЕНТЫ ЗАПИСИ (АБИС)
Тип экземпляра АБИС Книга
980 ## - КОЛЛЕКЦИЯ
Название коллекции Национальная библиография
Экземпляры
Тип экземпляра Дата поступления Источник поступления Стоимость Библиотека постоянного хранения Библиотека текущего хранения Место хранения Шифр хранения Штрих-код Статус экземпляра
Книга 02.10.2014 Обязательный экземпляр 0.00 РНБ (Московский) РНБ (Московский) Русский книжный фонд: издания с 1957 года 2007-5/6985 1-680430  
Книга 02.10.2014 Обязательный экземпляр 0.00 РНБ (Московский) РНБ (Московский) Русский книжный фонд: издания с 1957 года 2007-5/6985 1-680431  
Книга 09.10.2014   0.00 РНБ (Садовая) РНБ (Садовая) Универсальный читальный зал   ERR-30412